عرض عادي عرض مارك
  • Louis, Thomas A.,

مدخل إسم شخص

عدد التسجيلات المستخدمة في: 2

001 - رقم الضبط

  • حقل الضبط: 5616

003 - معرف رقم الضبط

  • حقل الضبط: OSt

005 - تاريخ ووقت أخر عملية

  • حقل الضبط: 20111026174715.0

008 - عناصر بيانات ثابتة الطول

  • حقل تحكم ثابت الطول: 111026|||a|||||| | ||| d

040 ## - مصدر الفهرسة

  • هيئة الفهرسة الأصلية: OSt
  • وكالة الكتابة: OSt

100 ## - مدخل -- أسم شخص

  • إسم شخص: Louis, Thomas A.,
  • تواريخ مرتبطة بالاسم: 1944-

670 ## - بيانات المصدر موجوده

  • الاستشهاد بالمصدر: Work cat.: (OSt)610: Carlin, Bradley P. 5615, Bayes and Empirical Bayes methods for data analysis /, c2000.